000 00387nam a22001457a 4500
005 20250712125506.0
008 250712b |||||||| |||| 00| 0 eng d
020 _a9781844740888
050 _aBT72
_b.875 GRU
100 _aGRUDEM WAYNE
245 _aBELIEFS;
_b20 BASICS EVERY CHRISTIAN SHOULD KNOW
260 _aENGLAND
_bINTERVASITY PRESS
_cc2005
300 _a157p
942 _2lcc
_cBK
_n0
999 _c6933
_d6933